טוען...
Black British feminism : a reader/
| מחברים אחרים: | |
|---|---|
| שפה: | English |
| יצא לאור: |
London:
Routledge,
1997.
|
| נושאים: |
| LEADER | 00446nam a22001577a 4500 | ||
|---|---|---|---|
| 008 | 191112b ||||| |||| 00| 0 eng d | ||
| 999 | |c 344714 |d 344714 | ||
| 020 | |a 0415152887 | ||
| 082 | |a 305.48896041 | ||
| 245 | |a Black British feminism : |b a reader/ |c Edited by Heidi Safia Mirza | ||
| 260 | |a London: |b Routledge, |c 1997. | ||
| 300 | |b 306p. | ||
| 650 | |a Women, Black--Social conditions | ||
| 650 | 0 | |a Feminism | |
| 700 | |a Mirza,Heidi Safia |e Editor | ||
| 942 | |c BK | ||